Fibonacci Sequence - Sudden Death - Statistics

General Stats
  • This quiz has been taken 70 times
  • The average score is 7 of 10
Answers on the Grid
Answers color-coded by a green-red scale on the quiz's grid according to % correct below.
1
2
3
4
5
6
7
8
9
10
11
12
13
14
15
16
17
18
19
20
21
22
23
24
25
26
27
28
29
30
31
32
33
34
35
36
37
38
39
50
51
52
53
54
55
56
57
58
59
70
71
72
73
74
75
76
77
78
79
80
81
82
83
84
85
86
87
88
89
90
91
92
93
94
95
96
97
98
99
100
 
Answer Stats
Answer % Correct
1
100%
2
100%
3
88%
5
81%
8
81%
13
75%
21
63%
34
56%
55
50%
89
44%
No matching quizzes found
Score Distribution
Percent of People with Each Score
Percentile by Number Answered
Your Score History
You have not taken this quiz